000 00205 a2200097 4500
001 29423
100 _aN Y
245 _aHow to impro human puforamnce
260 _a
_bHarped Rew
_c
090 _c19635
_d19635
942 _aNUST-CAE
_cM
_c10708
999 _c264496
_d264496